| 000 | 01206nam a2200217Ia 4500 | ||
|---|---|---|---|
| 003 | Ost | ||
| 005 | 20260507074948.0 | ||
| 008 | 260507s9999||||xx |||||||||||||| ||und|| | ||
| 020 | _a9775125251 | ||
| 040 | _cfsecg | ||
| 041 | _aara | ||
| 082 | _a658.15 | ||
| 100 |
_aالنجار، عبد العزيز _eمؤلف |
||
| 245 | 0 |
_aأساسيات الإدارة المالية : _bدراسة الجدوى-مصادر التمويل-التخطيط المالي-التحليل المالي-الأسهم والسندات المالية-تحليل الربحية الإسلامية / _c عبد العزيز النجار |
|
| 260 |
_aالاسكندرية: _bالمكتب العربي الحديث, _c2007 |
||
| 300 |
_a619 صفحة؛ _bإيضاحات ؛ _c25 سم |
||
| 504 | _aببليوغرافيا:ص.615-619 | ||
| 520 | _aمقدمة في الإدارة المالية،التحليل المالي،التخطيط المالي والرقابة،تخطيطالإستثمارات الرأسمالية ودراسات جدوى المشروعات من وجهة نظر مالية وقومية،الهيكل المالي،مصادر التمويل | ||
| 653 | _aالإدارة المالية | ||
| 942 | _cكتاب | ||
| 999 |
_c41976 _d41976 |
||